<?xml version="1.0" encoding="UTF-8"?>
<record
    xmlns:xsi="http://www.w3.org/2001/XMLSchema-instance"
    xsi:schemaLocation="http://www.loc.gov/MARC21/slim http://www.loc.gov/standards/marcxml/schema/MARC21slim.xsd"
    xmlns="http://www.loc.gov/MARC21/slim">

  <leader>00681cam2a220020500 4500</leader>
  <controlfield tag="001">qce00429850</controlfield>
  <controlfield tag="005">20190830112729.0</controlfield>
  <controlfield tag="008">720519s1970    oru           000 0 eng u</controlfield>
  <datafield tag="035" ind1=" " ind2=" ">
    <subfield code="a">(Sirsi) r114367</subfield>
  </datafield>
  <datafield tag="035" ind1=" " ind2=" ">
    <subfield code="a">(QCAT)lss00218742</subfield>
  </datafield>
  <datafield tag="035" ind1=" " ind2=" ">
    <subfield code="a">(UPRA)qce00429850</subfield>
  </datafield>
  <datafield tag="040" ind1=" " ind2=" ">
    <subfield code="d">UPRA</subfield>
  </datafield>
  <datafield tag="100" ind1="1" ind2=" ">
    <subfield code="a">Plunkett, Dalton G.</subfield>
    <subfield code="6">A22523.1</subfield>
  </datafield>
  <datafield tag="245" ind1="1" ind2="0">
    <subfield code="a">Stimulus ideas for using selected educational media.</subfield>
  </datafield>
  <datafield tag="260" ind1=" " ind2=" ">
    <subfield code="a">[Portland, OR :</subfield>
    <subfield code="b">Northwest Library Service,</subfield>
    <subfield code="c">[c1970]</subfield>
  </datafield>
  <datafield tag="650" ind1=" " ind2="0">
    <subfield code="a">Teaching -- Aids and devices.</subfield>
    <subfield code="x">Teaching -- Aids and devices.</subfield>
    <subfield code="6">S3616.1</subfield>
  </datafield>
  <datafield tag="650" ind1=" " ind2="0">
    <subfield code="a">Audio-visual education.</subfield>
    <subfield code="6">S6529.1</subfield>
  </datafield>
  <datafield tag="949" ind1=" " ind2=" ">
    <subfield code="a">LB1043</subfield>
    <subfield code="w">lcc</subfield>
    <subfield code="i">-164308</subfield>
    <subfield code="m">MAIN</subfield>
    <subfield code="t">BOOK</subfield>
    <subfield code="l">ON-SHELF</subfield>
  </datafield>
  <controlfield tag="004">114367</controlfield>
  <datafield tag="999" ind1=" " ind2=" ">
    <subfield code="c">192211</subfield>
    <subfield code="d">192211</subfield>
  </datafield>
</record>
